| 000 | 00420nam a22001577a 4500 | ||
|---|---|---|---|
| 020 | _a0763713570 | ||
| 040 | _cNUST | ||
| 082 |
_a510.2462 _bZIL |
||
| 100 |
_aDennis G. Zill _910571 |
||
| 110 |
_aMichael R. Cullen _9126239 |
||
| 245 | _aAdvanced Engineering Mathematics | ||
| 250 | _aSecond Edition | ||
| 260 |
_aBoston: _bJones and Bartlett, _c2000. |
||
| 650 | _2Advanced Engineering Mathematics | ||
| 942 |
_2ddc _cBK |
||
| 999 |
_c611971 _d611971 |
||